Shared Ownership Code (Record no. 122188)

MARC details
000 -LEADER
fixed length control field 01716nam a22002297a 4500
008 - FIXED-LENGTH DATA ELEMENTS--GENERAL INFORMATION
fixed length control field 250701t2025 xxk||||| |||| 00| 0 eng d
041 ## - LANGUAGE CODE
Language code of text/sound track or separate title eng
110 ## - MAIN ENTRY--CORPORATE NAME
Corporate author Shared Ownership Council
245 ## - TITLE STATEMENT
Title Shared Ownership Code
260 ## - PUBLICATION INFORMATION
Publisher Shared Ownership Council,
Date June 2025
300 ## - PHYSICAL DESCRIPTION
Physical description 13p.
520 ## - ABSTRACT
Abstract A new Shared Ownership Code (“the Code”) has been created by the Shared Ownership Council, which is backed by 27 housing providers and financial institutions, alongside housing associations and shared ownership specialists. Social landlords can now sign up to this voluntary Code designed in an attempt to standardise the shared ownership offering in the UK and raise standards.<br/><br/>The Code has been developed over a consultation with customers, mortgage lenders and other stakeholders, over the last 18 months following a four-month pilot with eight landlords.<br/><br/>It is designed to improve the shared ownership experience and increase satisfaction. It is proposed to cover all organisations that interact with shared owners aiming to ensure fairness, transparency and improved support for shared owners in marketing, purchasing, and management of their homes. There is also hope that this increasingly standardised model will help provide additional investment into the product.
650 ## - KEYWORDS
Keywords HOUSING ASSOCIATIONS
650 ## - KEYWORDS
Keywords RESIDENTIAL PROPERTY
650 ## - KEYWORDS
Keywords SOCIAL HOUSING
650 ## - KEYWORDS
Keywords SHARED OWNERSHIP
651 ## - SUBJECT ADDED ENTRY--GEOGRAPHIC NAME
Geographic name England
690 ## - BROAD SUBJECT
Broad subject Affordable housing
9 (RLIN) 6215
710 ## - ADDED CORPORATE NAME
Added corporate author Shared Ownership Council
856 ## - ONLINE RESOURCE
Uniform Resource Identifier <a href="https://static1.squarespace.com/static/65957785c6d9e12764a2ed70/t/683d599e148c250506216251/1748851103820/Shared+Ownership+Code+2025.pdf">https://static1.squarespace.com/static/65957785c6d9e12764a2ed70/t/683d599e148c250506216251/1748851103820/Shared+Ownership+Code+2025.pdf</a>
Public note Code
942 ## - ADDED ENTRY ELEMENTS (KOHA)
Suppress in OPAC Do not suppress in OPAC
Holdings
Lost status Damaged status Not for loan Collection code Home library Current library Shelving location Date acquired Total Checkouts Date last seen Price effective from Koha item type
      Non-fiction Virtual Virtual Online 01/07/2025   01/07/2025 01/07/2025 Online material